| 000 | 01412nam a2200373 a 4500 | ||
|---|---|---|---|
| 001 | ebr10677984 | ||
| 003 | CaPaEBR | ||
| 006 | m u | ||
| 007 | cr cn||||||||| | ||
| 008 | 101208s2011 nyua sb 001 0 eng d | ||
| 010 | _z 2010047109 | ||
| 020 | _z9781616683849 (hardcover) | ||
| 020 | _z9781616684471 (e-book) | ||
| 040 |
_aCaPaEBR _cCaPaEBR |
||
| 035 | _a(OCoLC)765617811 | ||
| 050 | 1 | 4 |
_aQA402.3 _b.C6395 2011eb |
| 082 | 0 | 4 |
_a629.8/312 _222 |
| 245 | 0 | 0 |
_aControl theory and its applications _h[electronic resource] / _cVito G. Massari, editor. |
| 260 |
_aNew York : _bNova Science Publishers, _c2011. |
||
| 300 |
_aix, 173 p. : _bill. |
||
| 490 | 1 | _aMathematics research developments | |
| 504 | _aIncludes bibliographical references and index. | ||
| 533 |
_aElectronic reproduction. _bPalo Alto, Calif. : _cebrary, _d2013. _nAvailable via World Wide Web. _nAccess may be limited to ebrary affiliated libraries. |
||
| 650 | 0 | _aControl theory. | |
| 650 | 0 | _aAutomatic control. | |
| 650 | 0 | _aSelf-control. | |
| 650 | 0 | _aHuman behavior. | |
| 650 | 0 |
_aElectric motors _xAutomatic control. |
|
| 655 | 7 |
_aElectronic books. _2local |
|
| 700 | 1 | _aMassari, Vito G. | |
| 710 | 2 | _aebrary, Inc. | |
| 830 | 0 | _aMathematics research developments series. | |
| 856 | 4 | 0 |
_uhttp://site.ebrary.com/lib/rucke/Doc?id=10677984 _zAn electronic book accessible through the World Wide Web; click to view |
| 999 |
_c168332 _d168332 |
||